| 000 | 00769nam a22001577a 4500 | ||
|---|---|---|---|
| 003 | OSt | ||
| 005 | 20151003150044.0 | ||
| 008 | 151003b xxu||||| |||| 00| 0 eng d | ||
| 040 | _cRUA | ||
| 082 | _aAVM LEN 1993 B073 Or.1 | ||
| 100 |
_91914 _aLENG VANNAVUTH |
||
| 245 | _aThe effect of water hyacinth the concentrate for the growth of pig at takhmao district, kandal province, (ប្រសិទ្ធភាពនៃការប្រើប្រាស់កំប្លោកនៅក្នុងចំណីផ្សំលើការលូតលាស់ របស់កូនជ្រូក នៅស្រុកតាខ្មៅ ខេត្តកណ្ដាល) | ||
| 260 |
_aphnom penh _bRUA _c1993 |
||
| 300 |
_aviii, 36p. _bill. _c29cm. |
||
| 942 |
_2ddc _cAVM |
||
| 999 |
_c1809 _d1809 |
||